[Event "ICS rated blitz match"]
[Site "204.178.125.65"]
[Date "1999.08.11"]
[Round "?"]
[White "Rustle"]
[Black "Hossa"]
[Result "0-1"]
[WhiteElo "2304"]
[BlackElo "2475"]
[Annotator "Fritz 5.32 (19s)"]
[PlyCount "84"]
[EventDate "1999.??.??"]

1. d4 1... d5 {Opening = D01 - 2.Nc3 Nf6 3.Bg5} 2. Nc3 Nf6 3. Bg5 Bf5 4. f3
Nbd7 (4... Bg6 5. Qd2 Nbd7 6. O-O-O e6 7. Nh3 Be7 8. Nf4 Ng8 9. Bxe7 Nxe7 10.
e4 c6 11. h4 h6 12. Bd3 dxe4 13. Nxg6 Nxg6 14. Nxe4 Qc7 15. Qb4 O-O-O 16. Nd6+
Kb8 17. Bxg6 fxg6 18. Rhe1 Nb6 19. Ne4 Qf4+ 20. Kb1 Nd5 21. Qb3 Qxh4 22. Nc5 b6
23. a4 a5 24. Rxe6 Ka7 25. Rxc6 Qe7 26. Qb5 Ka8 27. c4 {
1-0 Hachian,M-Strikovic,A/op, Cannes FRA (6) 1996 (27)}) 5. Qd2 $146 (5. Nxd5
Nxd5 6. e4 h6 7. Bh4 (7. Bc1 e5 8. exf5 Qh4+ 9. g3 Qxd4 10. Qxd4 exd4 11. Bc4
N7b6 12. Bd3 Bb4+ 13. Kf2 O-O-O 14. a3 Be7 15. Ne2 Bf6 16. Bd2 Rhe8 17. Rae1 a6
18. h4 Na4 19. Bc1 b5 20. g4 Ne3 21. Ng3 Nc5 22. b4 Nxd3+ 23. cxd3 Kb7 24. Bxe3
dxe3+ 25. Ke2 Bb2 26. Rb1 Bxa3 27. Rb3 {
1-0 Ranniku,M-Abishova,A/ch-EST (women), Tallinn (3) 1996 (27)}) 7... N7b6 8.
Bf2 Bh7 9. exd5 Qxd5 10. Ne2 e6 11. Nf4 Qa5+ 12. c3 Bd6 13. Bg3 O-O-O 14. Bd3
e5 15. Ne2 exd4 16. b4 Qg5 17. Bxh7 Rxh7 18. cxd4 Bxb4+ 19. Kf2 Nd5 20. Qd3
Rhh8 21. Rhc1 Rhe8 22. Rc2 Re6 23. Rac1 Ba5 24. h4 Qe7 25. Nf4 Nxf4 26. Bxf4
Qxh4+ 27. Bg3 Qxd4+ 28. Qxd4 Rxd4 29. Bxc7 Rd2+ 30. Rxd2 Bxd2 31. Rc2 31...
Be3+ {0-1 Goldsmith,A-Solomon,S/Suncoast AUS 1999 (31)}) 5... e6 6. g4 Bg6 7.
e3 c5 8. h4 cxd4 9. exd4 h5 10. O-O-O Rc8 11. Bd3 Bxd3 12. cxd3 $17 {
Staerkt e4.} (12. Qxd3 $5 $142 {ist eine gute Alternative} 12... Bd6 13. Nge2
$15) 12... hxg4 13. fxg4 Qa5 14. Bxf6 Nxf6 15. g5 Nh5 16. Kb1 Ng3 17. Rh3 Nf5
18. Nf3 Bb4 19. Rc1 Rc7 20. h5 20... O-O $11 (20... Qb6 $5 $17 $142) 21. h6
Rfc8 22. hxg7 Kxg7 (22... Bxc3 23. Qh2 $1 {huebsch} (23. bxc3 $6 23... Kxg7 (
23... Nxg7 24. Qh2 Qb6+ 25. Ka1 $18) 24. Qh2 Qb6+ (24... Rxc3 25. Qe5+ Kf8 26.
Rh8+ Ke7 27. Rxc8 Rxc8 28. Qf6+ Kd7 29. Ne5+ Kd6 30. Nxf7+ (30. Rxc8 $6 {
waere weniger gut} 30... Qe1+ 31. Kb2 Qd2+ 32. Ka3 Qa5+ 33. Kb3 Nxd4+ 34. Kb2
Qb4+ 35. Ka1 Qe1+ 36. Kb2 Qb4+ 37. Kc1 Qe1+ 38. Kb2 38... Qb4+ $11) 30... Kd7
31. Ne5+ Kd6 32. Rxc8 Qe1+ 33. Kb2 Qd2+ 34. Ka3 Qa5+ 35. Kb3 Nxd4+ 36. Kb2 Qb4+
37. Ka1 Qe1+ 38. Kb2 Qb4+ 39. Kc1 Qe1+ 40. Kb2 40... Qb4+ $11) 25. Ka1 25...
Qd6 $14 (25... Rxc3 26. Qe5+ Kf8 27. Rh8+ Ke7 28. Qf6+ (28. Rxc8 $143 28...
Rxc8 29. Rxc8 Nd6 30. Qf6+ 30... Kd7 $18) 28... Kd7 29. Ne5+ Kd6 30. Rxc3 (30.
Rxc8 $6 {waere ein Fehlgriff} 30... Rxc1+ 31. Rxc1 Qxd4+ 32. Kb1 Qb4+ 33. Ka1
Qd4+ 34. Kb1 Qb4+ 35. Ka1 35... Qd4+ $11) 30... Rxh8 31. Qxh8 Qc7 32. Qf8+ Ne7
33. Nxf7+ Kd7 34. Rxc7+ Kxc7 35. Qxe7+ Kc6 36. a4 b5 37. Nd8+ Kb6 38. Qc5+ Ka5
39. Qxb5#)) (23. Rxc3 $6 23... Kxg7 (23... Rxc3 $2 24. Rh8+ (24. bxc3 $143
24... Rxc3 25. Qf4 Qb6+ 26. Ka1 Qc7 27. Qxc7 27... Rxc7 $19) 24... Kxg7 25.
Rxc8 Qxa2+ 26. Kxa2 Rxc8 27. Qa5 $18) (23... Nxg7 {
Der Bauer kann immer noch nicht genommen werden} 24. Qh2 Kf8 25. Rh8+ Ke7 26.
Rxc8 Rxc3 27. Rxc3 $18 (27. bxc3 $143 27... Ne8 $18)) 24. Rxc7 24... Qxc7 $11)
23... Kxg7 24. Qe5+ Kf8 25. Qf6 Qxa2+ 26. Kxa2 Nh4 27. Rxh4 Ke8 28. Rh8+ Kd7
29. Ne5+ Kd6 30. Rd8+ Rxd8 31. Qxd8+ Rd7 32. Qxd7#) 23. g6 $11 (23. Qh2 Bd6 (
23... Bxc3 24. Qe5+ Kf8 25. Qf6 Qxa2+ 26. Kxa2 Nh4 27. Rxh4 Ke8 28. Rh8+ Kd7
29. Ne5+ Kd6 30. Rd8+ Rxd8 31. Qxd8+ Rd7 32. Qxd7#) 24. Rh7+ 24... Kf8 $11)
23... fxg6 (23... Bxc3 $2 {ist nur auf den ersten Blick gut} 24. Rh7+ $1 {
ein boeses Schach} 24... Kg8 25. Rxc3 $18) 24. Rch1 {Weiss droht stark Qg5}
24... Bxc3 {Ist der Isolani d4 schwach?} 25. Rh7+ Kf8 26. Qg5 {Droht Matt: Qf6}
26... Bxd4 (26... Rxh7 27. Qf6+ Kg8 28. Qxg6+ Ng7 29. Qxh7+ Kf8 30. Qh8+ Ke7
31. Qxc8 $18 (31. Qxg7+ $143 31... Kd6 32. Rh7 Rc7 33. Qf8+ Kc6 34. Qe8+ 34...
Kb6 $18)) 27. Rh8+ $19 (27. Nxd4 Rxh7 28. Qf6+ Ke8 29. Qxg6+ Kf8 30. Qf6+ Ke8
31. Qxe6+ Ne7 32. Rxh7 Rc1+ 33. Kxc1 Qc5+ 34. Kb1 $18) 27... Bxh8 28. Rxh8+ Kg7
29. Rxc8 {Weiss droht, mit Qd8 kontern} 29... Rxc8 30. Qf4 30... Qc7 {
Mit der Mattdrohung Qc2} 31. Qd2 e5 (31... Qg3 $5 {ist genauer} 32. Qe2 Nd4 33.
Qe5+ Qxe5 34. Nxe5 $19) 32. a3 a6 33. Ka2 (33. Qb4 {
kann das Vorangegangene nicht ungeschehen machen} 33... b6 $19) 33... Kg8 (
33... e4 34. dxe4 dxe4 35. Nd4 Qc4+ 36. Nb3 $19) 34. Kb1 b5 35. Ng5 (35. Ka2 {
aendert den traurigen Lauf der Dinge nicht} 35... e4 36. Ng5 exd3 37. Qxd3 Qc4+
38. Qxc4 38... bxc4 $19) 35... Nd4 36. Qh2 (36. Qg2 {
aendert den traurigen Lauf der Dinge nicht} 36... Kg7 37. Qd2 37... a5 $19)
36... Qc1+ {Schwarz entwickelt eine toedliche Initiative} 37. Ka2 {Droht Matt}
37... Qxg5 38. Qf2 38... Rc2 {Es droht Matt} 39. Qe1 {
Schwarz darf Weiss nun nicht zu a4 kommen lassen} 39... Rxb2+ $1 {
ist die Ueberraschung!} 40. Kxb2 Qg2+ 41. Kb1 (41. Qd2 {hilft auch nicht mehr}
41... Qxd2+ 42. Ka1 Qc2 43. a4 Nb3#) 41... Qc2+ 42. Ka1 Nb3# 0-1

[Event "ICS rated blitz match"]
[Site "204.178.125.65"]
[Date "1999.08.11"]
[Round "?"]
[White "Hossa"]
[Black "Rustle"]
[Result "1-0"]
[WhiteElo "2484"]
[BlackElo "2295"]
[Annotator "Fritz 5.32 (19s)"]
[PlyCount "169"]
[EventDate "1999.??.??"]

1. d4 1... c5 {Opening = A44 - 2.d5 e5} 2. d5 e5 3. e4 d6 4. Bb5+ (4. Be2 g6 5.
Nf3 Bg7 6. Nc3 Ne7 7. h4 h6 8. h5 g5 9. Nd2 O-O 10. g4 Nd7 11. a4 Nf6 12. Nc4
Ne8 13. a5 Bd7 14. Be3 Rb8 15. Qd2 Qc8 16. f3 b5 17. axb6 axb6 18. Na3 18...
Nc7 {Vezzosi,P-Aldrovandi,C/Reggio Emilia ITA 1999/ - (73)}) 4... Bd7 (4... Nd7
5. a4 Be7 6. Nf3 Ngf6 7. Nc3 O-O 8. O-O Ne8 9. Nd2 Bg5 10. a5 a6 11. Bd3 b5 12.
axb6 Nxb6 13. Nc4 Bxc1 14. Qxc1 Nxc4 15. Bxc4 Nc7 16. Qd2 Rb8 17. b3 Qe7 18.
Bd3 g6 19. Na4 {Matlak,M-Czerwonski,A/Nat-ch POL, Brzeg Dolny (7) 1996/ - (42)}
) 5. Bxd7+ Nxd7 6. Ne2 $146 (6. Nc3 Be7 7. Nf3 Ngf6 8. a4 Qa5 9. O-O a6 10. Bd2
Rc8 11. Qe2 h6 12. Nh4 g6 13. g3 c4 14. Ng2 Kf8 15. Ne3 Qc5 16. a5 Qd4 17. f3
Kg7 18. Ra4 Rc7 19. Kg2 b5 20. axb6 20... Qxb6 {
Tregubov,P-Makovetsky,V/Russian Cup 9th Leg, Novgorod RUS 1997/1-0 (42)}) 6...
Be7 7. c4 $11 (7. Ng3 7... Ngf6 $14) 7... Bg5 8. f4 exf4 9. O-O Ngf6 10. Nbc3
O-O 11. Bxf4 Bxf4 12. Rxf4 Ne5 13. b3 {Kontrolliert c4} 13... a6 {Ueberdeckt b5
} 14. a4 Qe7 15. Ng3 15... g6 {Ueberdeckt f5+h5} 16. Qe2 b6 17. a5 Rfb8 18.
Raf1 Nfd7 19. axb6 {Der Freibauer marschiert} 19... Rxb6 20. Qc2 Rab8 21. Rb1
R6b7 22. Nge2 22... Rb6 $11 (22... Nf6 $5 $15) 23. Rf2 $15 (23. Ng3 $5 $11 {
ist die kritische Fortsetzung}) 23... R6b7 $11 (23... Nf6 $5 {
muss geprueft werden} 24. Rf4 24... Nh5 $17) 24. Nf4 $15 (24. Rf4 $5 $11 {
ist zu beachten}) 24... Rb6 $11 (24... Ng4 $5 {bedarf naeherer Analyse} 25. Re2
25... Nde5 $17) 25. Nce2 $17 (25. Nfe2 $5 $11 $142 {ist bedenkenswert}) 25...
R6b7 $11 (25... Nf6 $5 $142 26. Nc3 26... Nfg4 $17) 26. Rff1 $15 (26. Nc3 $5
$11 {steht zur Diskussion}) 26... Rb6 $11 (26... Ng4 $5 {ist zu beachten} 27.
Rf3 27... Qh4 $17) 27. Qc3 $17 (27. Rf2 $5 $11 {muss erwogen werden}) 27...
R6b7 $11 (27... Rb4 $5 28. Ng3 28... Qh4 $17) 28. Kh1 $17 (28. Qc2 $5 $11 $142
{ist noch spielbar}) 28... Rb4 29. Nd3 $19 (29. Qc2 29... Nf6 $17) 29... R4b7
$11 (29... Nxd3 $142 30. Qxd3 30... Ne5 $19) 30. Nxe5 $15 (30. Ndf4 $5 $11 {
kam sehr in Betracht}) 30... Nxe5 {Nicht von der Hand zu weisen} ({Dagegen} 
30... dxe5 31. Rfd1 $14) 31. Qc2 $17 (31. Nc1 31... Qg5 $11) 31... Rb6 32. Kg1
32... R6b7 $11 (32... Rb4 $5 33. Nc3 33... h6 $15) 33. Nf4 $15 (33. Kh1 $5 $11
{kommt in Betracht}) 33... Rb6 $11 (33... Ng4 $5 {ist bedenkenswert} 34. Rf3
34... Qf6 $17) 34. Nd3 $15 (34. Ne2 34... Rb4 $15) 34... R6b7 $11 (34... Ng4
35. Rf4 Qg5 36. Rf3 $15) 35. Nc1 $15 (35. Nf4 $5 $11) 35... Re8 36. Rf4 36...
Reb8 $11 (36... g5 37. Rf5 Ng4 38. Qd3 $17) 37. Qc3 $15 (37. Rf1 Ng4 38. Rf4
38... Qh4 $15) 37... Re8 $11 (37... Qg5 38. Rf1 $15) 38. Ra1 Ra7 39. Qg3 Rb8
40. Ra2 a5 41. Qc3 41... Rba8 $11 (41... Qg5 42. Ne2 $15) 42. Ra4 Qc7 43. Qh3
Rb7 44. Qh6 Rb4 45. Ra2 $15 (45. Ra3 45... a4 $11) 45... a4 46. Rh4 f6 47. Qf4
$2 $19 (47. Rf4 $15 $142 {und Weiss kann noch kaempfen}) 47... Qg7 $17 (47...
g5 $5 $142 48. Qg3 48... Rab8 $19) 48. Rh3 Ra7 49. Rc3 Qe7 50. Kh1 $19 (50. Ra3
$5 $17) 50... Kg7 $17 (50... axb3 51. Rxb3 Rxc4 52. Rb8+ Kg7 53. Re8 Qxe8 54.
Rxa7+ Nf7 55. Ne2 Rxe4 56. Ra8 $19) 51. Rac2 $19 (51. Rxa4 Raxa4 52. bxa4 52...
Nxc4 $17 (52... Rxc4 $6 53. Rxc4 Nxc4 54. Ne2 $11)) 51... axb3 52. Nxb3 52...
Rab7 $17 (52... Ra3 $5 $142 53. Nc1 Rxc3 54. Rxc3 54... Nxc4 $19) 53. Nd2 53...
Rb2 $15 (53... Ra4 54. Qg3 $17) 54. Rc1 $17 (54. h3 54... R7b4 $15) 54... R2b4
$11 (54... Ra2 $5 $142 55. Nf3 55... Rbb2 $17) 55. Ra1 $17 (55. R1c2 Ra4 56.
Qg3 $17) 55... Rb2 $11 (55... Ra7 $5 $142 56. Qf1 56... Rb2 $17) 56. Rh3 $17 (
56. Rac1 Ra2 57. Nf3 $17) 56... h5 57. Rha3 $19 (57. Rc3 $5 $17 $142) 57...
R2b4 $4 $15 {wirft den Vorteil weg} (57... Nxc4 $142 {
und Schwarz bekommt die Oberhand} 58. Nxc4 Rb1+ 59. Qf1 Rxf1+ 60. Rxf1 60...
Rb4 $19) 58. Rc3 $17 (58. Qf1 58... Qd7 $15) 58... Rb2 $11 (58... Ra7 $5 $142
59. Qf1 59... Rb2 $17) 59. Kg1 $17 (59. Rca3 $5 $11 $142 {
sieht noch spielbar aus}) 59... R2b4 $11 (59... Ra7 $5 $142 60. Rb1 60... Qb7
$19) 60. Ra6 $17 (60. Kh1 Ra7 61. Qf1 $17) 60... Rb2 $11 (60... Ra7 $5 $142 61.
Rca3 Rxa6 62. Rxa6 62... Rb2 $17) 61. Ra8 $17 (61. Ra1 $5 $11 $142 {
und Weiss spielt mit}) 61... Rb8 $15 (61... Ra7 $5 62. Rxa7 62... Qxa7 $19) 62.
Ra4 62... R2b4 {Der Brueckenkopf b4} 63. Ra6 R8b6 64. Ra8 64... Rb8 $11 (64...
Rb2 $5 $17) 65. Ra2 $15 (65. Ra6 65... R8b7 $15) 65... R8b7 $11 (65... Ng4 66.
Rc1 $15) 66. Rcc2 $4 $19 {vergibt den Vorteil} (66. Ra6 Ra7 67. Rca3 Rxa6 68.
Rxa6 $17) 66... R4b6 $4 $15 {gibt den Vorteil aus der Hand} (66... Rb1+ $142 {
nun kommt Schwarz in Vorteil} 67. Nf1 67... Nd3 $19) 67. h4 $2 $19 (67. Ra1 $15
$142 {und Weiss kann noch kaempfen}) 67... Rb4 $15 (67... Nd3 $142 {
Schwarz haette nun das bessere Spiel} 68. Qg3 68... Nb4 $19) 68. Rc3 $17 (68.
Ra1 Ra7 69. Qf1 Rxa1 70. Qxa1 70... Ng4 $15) 68... R4b5 $4 $18 {
wirft den sicheren Gewinn weg} (68... Ra7 $142 69. Rxa7 69... Qxa7 $17) 69.
cxb5 Rxb5 70. Rca3 Rb7 71. Ra6 71... Qc7 {Ermoeglicht auch c4} 72. Ra8 Qe7 73.
R2a6 c4 (73... Rd7 {aendert nichts am Ausgang der Partie} 74. Nf3 $18) 74. Rc8
(74. Qe3 $5 $142 {ginge schneller} 74... Ng4 75. Qd4 75... c3 $18) 74... c3 (
74... Ra7 {hilft auch nicht mehr} 75. Rxa7 Qxa7+ 76. Kh1 $18) 75. Rxc3 {
Die Oeffnung der c-Linie verschafft Weiss Drohungen} 75... Rb2 (75... Ra7 {
waere gleichermassen fruchtlos} 76. Rxa7 Qxa7+ 77. Qe3 Qa1+ 78. Nf1 $18) 76.
Ra8 {Die Partie wird im Koenigsangriff beendet} 76... Rb7 (76... Rb8 {
macht keinen grossen Unterschied} 77. Rxb8 Qa7+ 78. Qe3 Qxb8 79. Nc4 $18) 77.
Nb3 (77. Rcc8 $142 {und Weiss ist direkt am Ziel} 77... Ng4 78. Rg8+ Kh7 79.
Rh8+ Kg7 80. Rag8+ Kf7 81. Rxg6 Qe5 82. Rxg4 Qxf4 83. Rxf4 83... Kg7 $18) 77...
Rd7 (77... Rb4 $18 {bietet noch letzte Rettungschancen}) 78. Rcc8 {
Droht Matt: Rg8} 78... Nf7 79. Re8 (79. Rg8+ $5 {
erleichterte Weiss die Gewinnfuehrung} 79... Kh7 80. Rge8 f5 81. Rxe7 Rxe7 82.
exf5 82... gxf5 $18) 79... Qxe8 (79... Qe5 {holt die Kuh nicht vom Eis} 80.
Rxe5 fxe5 81. Qc1 $18) 80. Rxe8 Rb7 81. Nd4 {Es droht Matt} 81... Ne5 82. Qf1
Re7 83. Rxe7+ Nf7 84. Ne6+ Kh7 (84... Kg8 {hilft allerdings auch nicht} 85.
Qxf6 Ne5 86. Qf8#) 85. Qxf6 (85. Qxf6 g5 86. Qg7#) 1-0

[Event "ICS rated blitz match"]
[Site "204.178.125.65"]
[Date "1999.08.11"]
[Round "?"]
[White "Rustle"]
[Black "Hossa"]
[Result "0-1"]
[WhiteElo "2287"]
[BlackElo "2492"]
[Annotator "Fritz 5.32 (19s)"]
[PlyCount "64"]
[EventDate "1999.??.??"]

1. d4 1... d5 {Opening = D01 - 2.Nc3 Nf6 3.Bg5} 2. Nc3 Nf6 3. Bg5 Bf5 4. f3
Nbd7 (4... Bg6 5. Qd2 Nbd7 6. O-O-O e6 7. Nh3 Be7 8. Nf4 Ng8 9. Bxe7 Nxe7 10.
e4 c6 11. h4 h6 12. Bd3 dxe4 13. Nxg6 Nxg6 14. Nxe4 Qc7 15. Qb4 O-O-O 16. Nd6+
Kb8 17. Bxg6 fxg6 18. Rhe1 Nb6 19. Ne4 Qf4+ 20. Kb1 Nd5 21. Qb3 Qxh4 22. Nc5 b6
23. a4 a5 24. Rxe6 Ka7 25. Rxc6 Qe7 26. Qb5 Ka8 27. c4 {
1-0 Hachian,M-Strikovic,A/op, Cannes FRA (6) 1996 (27)}) 5. g4 $146 (5. Nxd5
Nxd5 6. e4 h6 7. Bh4 (7. Bc1 e5 8. exf5 Qh4+ 9. g3 Qxd4 10. Qxd4 exd4 11. Bc4
N7b6 12. Bd3 Bb4+ 13. Kf2 O-O-O 14. a3 Be7 15. Ne2 Bf6 16. Bd2 Rhe8 17. Rae1 a6
18. h4 Na4 19. Bc1 b5 20. g4 Ne3 21. Ng3 Nc5 22. b4 Nxd3+ 23. cxd3 Kb7 24. Bxe3
dxe3+ 25. Ke2 Bb2 26. Rb1 Bxa3 27. Rb3 {
1-0 Ranniku,M-Abishova,A/ch-EST (women), Tallinn (3) 1996 (27)}) 7... N7b6 8.
Bf2 Bh7 9. exd5 Qxd5 10. Ne2 e6 11. Nf4 Qa5+ 12. c3 Bd6 13. Bg3 O-O-O 14. Bd3
e5 15. Ne2 exd4 16. b4 Qg5 17. Bxh7 Rxh7 18. cxd4 Bxb4+ 19. Kf2 Nd5 20. Qd3
Rhh8 21. Rhc1 Rhe8 22. Rc2 Re6 23. Rac1 Ba5 24. h4 Qe7 25. Nf4 Nxf4 26. Bxf4
Qxh4+ 27. Bg3 Qxd4+ 28. Qxd4 Rxd4 29. Bxc7 Rd2+ 30. Rxd2 Bxd2 31. Rc2 31...
Be3+ {0-1 Goldsmith,A-Solomon,S/Suncoast AUS 1999 (31)}) 5... Bg6 6. h4 h6 7.
Bf4 c5 8. e3 Rc8 9. Qd2 cxd4 10. exd4 e6 11. Bd3 Bxd3 12. cxd3 {Staerkt e4.}
12... Be7 13. Nge2 Nh7 14. h5 {Raumgewinn} 14... Bh4+ 15. Bg3 Bxg3+ 16. Nxg3
O-O 17. O-O-O $19 (17. f4 $5 $15 $142 {ist vielleicht staerker}) 17... Nhf6 $4
$11 {wirft den Vorteil weg} (17... b5 $142 {
und die Waage neigt sich zugunsten von Schwarz} 18. Kb1 18... b4 $19) 18. Kb1
$15 (18. g5 $5 18... hxg5 19. h6 $11) 18... Qc7 $11 (18... Ne8 19. g5 Qxg5 20.
Qxg5 hxg5 21. h6 $17) 19. Rdg1 19... Qb6 $14 (19... Nh7 $5 {
ist nicht von der Hand zu weisen} 20. f4 20... b5 $11) 20. Nge2 $15 (20. g5
hxg5 21. Nf5 exf5 22. Qxg5 $16) 20... Qb4 $4 $16 {danach wendet sich das Blatt}
(20... Nh7 $15 $142 {und Schwarz spielt mit}) 21. g5 hxg5 22. Qxg5 {Droht Matt}
22... Ne8 23. Rg4 $14 (23. f4 $5 23... Nb6 24. h6 $16) 23... Ndf6 24. Rf4 Nh7
25. Qh4 25... Nd6 $14 (25... Rc6 26. h6 g5 27. Rg4 $15) 26. Rg1 $11 (26. Qg3
26... f6 $14) 26... Kh8 27. Rfg4 $15 (27. h6 $5 {muss beachtet werden} 27... g5
28. Rxg5 Nxg5 29. Qxg5 $11) 27... Nf5 28. Qf2 Rc6 29. Qg2 $19 (29. h6 $5 29...
gxh6 30. a3 $17) 29... Ne3 30. Qg3 30... Rb6 {Mit der Mattdrohung Qxb2} 31. Nd1
$4 {ein Ende mit Schrecken} (31. b3 $142 31... Nxg4 32. Qxg4 $19) 31... Nxd1
32. Kc2 (32. b3 {die letzte Gegenchance} 32... Qd2 33. Rxd1 Qxd1+ 34. Nc1 $19)
32... Ne3+ (32... Ne3+ 33. Kb1 Qxb2#) 0-1

[Event "ICS Rated blitz match"]
[Site "204.178.125.65"]
[Date "1999.08.11"]
[Round "?"]
[White "Hossa"]
[Black "Rustle"]
[Result "1-0"]
[WhiteElo "2500"]
[BlackElo "2279"]
[Annotator "Fritz 5.32 (19s)"]
[PlyCount "173"]
[EventDate "1999.??.??"]

1. d4 1... c5 {Opening = A44 - 2.d5 e5} 2. d5 e5 3. e4 d6 4. Bb5+ (4. Be2 g6 5.
Nf3 Bg7 6. Nc3 Ne7 7. h4 h6 8. h5 g5 9. Nd2 O-O 10. g4 Nd7 11. a4 Nf6 12. Nc4
Ne8 13. a5 Bd7 14. Be3 Rb8 15. Qd2 Qc8 16. f3 b5 17. axb6 axb6 18. Na3 18...
Nc7 {Vezzosi,P-Aldrovandi,C/Reggio Emilia ITA 1999/ - (73)}) 4... Bd7 (4... Nd7
5. a4 Be7 6. Nf3 Ngf6 7. Nc3 O-O 8. O-O Ne8 9. Nd2 Bg5 10. a5 a6 11. Bd3 b5 12.
axb6 Nxb6 13. Nc4 Bxc1 14. Qxc1 Nxc4 15. Bxc4 Nc7 16. Qd2 Rb8 17. b3 Qe7 18.
Bd3 g6 19. Na4 {Matlak,M-Czerwonski,A/Nat-ch POL, Brzeg Dolny (7) 1996/ - (42)}
) 5. Bxd7+ Nxd7 6. Ne2 $146 (6. Nc3 Be7 7. Nf3 Ngf6 8. a4 Qa5 9. O-O a6 10. Bd2
Rc8 11. Qe2 h6 12. Nh4 g6 13. g3 c4 14. Ng2 Kf8 15. Ne3 Qc5 16. a5 Qd4 17. f3
Kg7 18. Ra4 Rc7 19. Kg2 b5 20. axb6 20... Qxb6 {
Tregubov,P-Makovetsky,V/Russian Cup 9th Leg, Novgorod RUS 1997/1-0 (42)}) 6...
Be7 7. c4 $11 (7. Ng3 7... Ngf6 $14) 7... Bg5 8. f4 exf4 9. O-O Ngf6 10. Nbc3
O-O 11. Bxf4 Bxf4 12. Rxf4 12... a6 {Verwehrt dem Gegner b5} 13. Qb3 $15 (13.
Ng3 13... Ne5 $11) 13... Rb8 $11 (13... Ne5 14. Raf1 $11) 14. Raf1 14... Qe7 {
Der Bauer e4 ist rueckstaendig} (14... Ne5 15. a4 $11) 15. Ng3 15... g6 {
Befestigt f5+h5} 16. Nce2 Ne8 17. Rg4 Ne5 18. Nf5 Qd8 19. Rg3 Nf6 20. Nc3 Nh5
21. Rh3 Ng7 ({Und nicht} 21... gxf5 22. Rxh5 b5 23. cxb5 (23. exf5 $143 23...
bxc4 (23... Nxc4 $4 24. Ne4 $18) 24. Qc2 24... Nd3 $11) 23... axb5 24. Nxb5 $18
) 22. Nxg7 Kxg7 23. Rf4 Qe7 24. a3 f6 25. Re3 25... Rf7 $11 (25... b5 26. cxb5
axb5 27. Ne2 $15 (27. Nxb5 $2 27... c4 28. Qa4 28... Rxb5 $19)) 26. Re2 Rff8
27. Rf1 Rf7 28. Ref2 Rff8 29. Kh1 Rf7 30. Qa2 Rff8 31. b3 Rf7 32. a4 Rff8 33.
Qd2 Rf7 34. Re1 Rbf8 35. Ne2 Re8 36. Nf4 Kg8 37. Ne6 Nd7 38. b4 (38. Ref1 38...
Ne5 $14) 38... b6 39. Nc7 {Will b5 spielen} 39... Rc8 40. Nxa6 40... Ne5 $14 {
Ein gutes Feld fuer den Springer} (40... cxb4 41. Qc2 $11) 41. Qe2 41... Qb7
$16 (41... cxb4 $5 42. Nxb4 42... Rxc4 $11 (42... Nxc4 $2 {laeuft nicht} 43.
Nc6 Rxc6 44. dxc6 $18)) 42. b5 Qe7 43. Ref1 Rcf8 44. Kg1 Qd7 45. Rf4 Qe7 46.
R1f2 Kg7 47. Kh1 Qd7 48. Qf1 {Der Druck auf f6 waechst} 48... Qe7 49. h3 {
Sichert g4} 49... Qd7 50. Kg1 Qe7 51. Qe2 Qd7 52. Qc2 Qe7 53. Rf1 Qd7 54. a5
bxa5 55. Qc3 Qd8 56. Ra1 Qb6 57. Kh1 Ra8 58. Raf1 Raf8 59. R1f2 Ra8 60. Kg1
Raf8 61. Qc2 Qd8 62. Qe2 Qb6 63. Qf1 Qd8 64. h4 a4 65. Qe2 Qa5 66. Qc2 66... a3
{Schwarz hat einen starken Freibauern} 67. Rf1 $17 (67. Re2 $5 $15) 67... a2
$11 (67... f5 $5 $142 68. Ra1 fxe4 69. Rxe4 Rf4 70. Rxf4 70... Rxf4 $17) 68.
Ra1 68... Qd8 $16 (68... f5 69. Kh2 fxe4 70. Rxf7+ Rxf7 (70... Kxf7 71. Rxa2
Qe1 72. Qf2+ Qxf2 73. Rxf2+ Kg8 74. Rxf8+ Kxf8 75. b6 $18) (70... Nxf7 $6 71.
Qxe4 Kg8 72. Qe2 $11) 71. Nxc5 dxc5 72. Qxe4 72... Rf5 $19) 69. Rxa2 g5 70. Rf5
70... Qe7 $18 (70... gxh4 $5 $142 71. Rh5 71... Ng6 $16) 71. h5 $16 (71. b6
gxh4 72. Rb2 72... Qb7 $16) 71... h6 $18 (71... Ng4 72. Qe2 Nh6 73. Rf1 $18)
72. b6 Rd8 (72... Kh8 73. Nc7 $18) 73. Nc7 Rb8 74. Ne6+ {
Weiss erhaelt Koenigsangriff} 74... Kh7 $2 (74... Kh8 $142 75. Ra6 75... Qe8
$16) 75. Ra6 (75. Ra7 $142 {liesse Schwarz keine Chance} 75... Qe8 76. Rxf6 $18
) 75... Qb7 76. Qa4 76... Rd7 $4 {fuehrt zum raschen Untergang} (76... Qc8 $18
$142) 77. Ra7 Rg7 (77... Rf7 {bot noch bessere Widerstandsmoeglichkeiten} 78.
Rxb7 Rfxb7 79. Rxe5 79... dxe5 $18) 78. Rxf6 (78. Nxg7 Kxg7 79. Rxe5 fxe5 80.
Qa6 Qf7 81. Rxf7+ Kxf7 82. Qa7+ Rb7 83. Qxb7+ Kf6 84. Qh7 g4 85. g3 Kg5 86.
Qf5#) 78... Qxa7 (78... Re7 {haette noch versucht werden koennen} 79. Rxb7
79... Rexb7 $18) 79. bxa7 {Es droht Matt} (79. Qxa7 $6 79... Rxa7 80. bxa7 Ra8
81. Nxc5 81... dxc5 $18) 79... Ra8 80. Nxg7 {Droht Matt: Nf5} 80... Kxg7 81.
Rxd6 {Es droht Matt} 81... Nf7 (81... Kf8 {
aendert den traurigen Lauf der Dinge nicht} 82. Qb5 g4 83. Qb7 Nf3+ 84. gxf3
gxf3 85. Qxa8+ Ke7 86. Qd8+ Kf7 87. Rd7#) 82. Rg6+ Kh7 83. Qa1 (83. Qd7 Rf8 84.
Rf6 Kg7 85. a8=Q Kxf6 86. Qe6+ Kg7 87. Qg6+ Kh8 88. Qxf8#) 83... Rg8 (83... Ne5
{nuetzt auch nichts mehr} 84. Qxe5 Rxa7 85. Qf6 Ra1+ 86. Qxa1 g4 87. Qg7#) 84.
Rxg8 (84. Qf6 Rxg6 85. hxg6+ Kg8 86. a8=Q+ Nd8 87. Qaxd8#) 84... Kxg8 85. a8=Q+
Kh7 86. Qf8 g4 (86... Ne5 {aendert nichts mehr} 87. Qa7+ Nd7 88. Qxd7#) 87.
Qxf7# 1-0